000 00907nam a2200289 a 4500
001 65921
003 BD-RjUL
005 20211209081501.0
008 170313s1994 njua 001 0 eng
020 _a0130264601
035 _a(BD-RjUL)66051
040 _aDLC
_cDLC
_dDLC
_dBD-RjUL
_beng
041 _aeng
082 0 0 _223
_a005.133
_bSTS 1994
100 1 _aStaugaard, Andrew C.
_9194940
245 1 0 _aStructuring techniques :
_ban introduction using C++ /
_cby Andrew C. Staugaard, Jr.
250 _aInternational Edition
260 _aEnglewood Cliffs, N.J. :
_bPrentice Hall,
_cc1994.
300 _axvi, 746 p. :
_bill. ;
_c24 cm.
490 _aAn Alan R. Apt book
500 _a"An Alan R. Apt book."
500 _aIncludes index.
650 0 _aStructured programming.
_9194590
650 0 _aC++ (Computer program language)
_9194852
830 _aAn Alan R. Apt book
_9195628
942 _2ddc
_cBK
999 _c65921
_d65921